| 000 | 00000nas 2200000zi 4500 |
| 001 | 9.816395 |
| 003 | CaOODSP |
| 005 | 20240226113140 |
| 006 | m o d f |
| 007 | cr ||||||||||| |
| 008 | 160427c20129999oncqn p o f0 a0eng|d |
| 022 | |a1927-2073 |
| 040 | |aCaOODSP|beng|erda|cCaOODSP |
| 043 | |an-cn--- |
| 086 | 1 |aCC173-5E-PDF |
| 110 | 2 |aCanadian Nuclear Safety Commission. |
| 245 | 10|aCanadian Nuclear Safety Commission quarterly financial report for the quarter ended … |
| 264 | 1|a[Ottawa] : |bCanadian Nuclear Safety Commission = Commission canadienne de sûreté nucléaire, |c2012- |
| 310 | |aQuarterly (except January) |
| 336 | |atext|btxt|2rdacontent |
| 337 | |acomputer|bc|2rdamedia |
| 338 | |aonline resource|bcr|2rdacarrier |
| 362 | 1 |aBegan with June 30, 2012. |
| 500 | |aIssued also in French under title: Commission canadienne de sûreté nucléaire, rapport financier trimestriel pour le trimestre terminé le ... |
| 500 | |a"INFO-0822-12-01." |
| 588 | |aDescription based on: June 30, 2012. |
| 588 | |aLatest issue consulted: September 30, 2019. |
| 610 | 10|aCanadian Nuclear Safety Commission|xExpenditures and appropriations|vPeriodicals. |
| 650 | 0|aExpenditures, Public. |
| 655 | 7|aPeriodicals|2lcgft |
| 775 | 08|tCommission canadienne de sûreté nucléaire, rapport financier trimestriel pour le trimestre terminé le ... |w(CaOODSP)9.816402 |